00937cam a2200253 a 450000100060000000300080000600500170001400800410003102000150007203500190008704000180010604100130012408200290013710000350016624501520020126000380035330000320039165000450042370000290046870000270049794200120052499900170053695201300055341234BD-RjUL20211209053342.0160517s1999 ii a 000 1 eng  a8170461529 a(BD-RjUL)41351 aDLCcDLCbeng1 aenghben 223a891.4437 bBAW 1999 0 aBanaphula,d1899-1979.912686110aWildfire and other stories /cBanaphool ; translated by Somnath Zutshi ; illustrations by Anandjit Ray ; with an introduction by Nabaneeta Dev Sen. aCalcutta :bSeagull Books,c1999. ax, 240 p. :bill. ;c25 cm. aShort stories, xIndic (English)91268621 aZutshi, Somnath.91268631 aRay, Anandjit.9126864 2ddccBK c41234d41234 00102ddc40718NFICaRUCLbRUCLcReadingd2014-07-02eRUCLl0o891.4437 BAW 1999r2016-05-17 00:00:00tC-1w2016-05-17yBK